000 00503nam a22001937a 4500
999 _c159695
_d159695
010 _aB-78201
020 _a0140620761
035 _aB-78201
037 _aDBAD/PUB
_bPenguin Books
082 _21994
_aN
100 _aEliot George
245 _aMiddlemarch/
_cEliot George
_henglish
250 _a1994
260 _aEngland
_bPenguin Books
_c1994
270 _a27 wrights Lane London
300 _a795 Pages
_c18 CM PBK
700 _aEliot George
942 _2ddc
_cEN
_e1994
_hN
_kEli
_mEliot George